00387nam a2200121Ia 4500008004000000020001800040082001600058100002800074245008700102260003500189300000800224650003300232210210b1979 xxu||||| |||| 00| 0 eng d a0 553 13224 5 a796.48 MCWG aMCWHIRTER (Norris), Ed. aGuinness books of Olympic records plus the 1980 winter & summer Olympics schedule. aNew York.bantam Books.,c1979 a278 aGuinness Olympic Records